000 00463nam a2200169Ia 4500
008 240729s9999 xx 000 0 und d
022 _a2738-2788
245 0 _aMathematical Problems of Computer Science
260 _aArmenia
260 _bGitutyun
650 _a Mathematics
650 _a Probabilities. Mathematical statistics
650 _aScience
856 _uhttps://doaj.org/toc/861d78f92e794edb85bfa42af38d132a
942 _2ddc
942 _cDOAJEJ
999 _c68896
_d68896
945 _a1
_bMadushi Gamage
_c1
_dMadushi Gamage